| 000 | 00603nam a22001817a 4500 | ||
|---|---|---|---|
| 999 |
_c18835 _d18835 |
||
| 003 | BDDh-ASL | ||
| 005 | 20231015025736.0 | ||
| 008 | 201028s19911990ii ||||| |||| 00| 0 eng d | ||
| 040 |
_aBDDh-ASL _cBDDh-ASL |
||
| 082 |
_a370 _bCHH |
||
| 100 | 1 |
_91734 _aChaube, S. P. _cDr. |
|
| 245 | 1 | 0 |
_aHistory of Indian Education : _bHighlighting the salient features from the ancient to moderntimes / |
| 260 |
_aAgra : _bVinod Pustak Mandir, _c1991. |
||
| 300 |
_a280 p. : _c22 cm. |
||
| 504 | _aIncludes bibliographical references and index. | ||
| 650 | 0 |
_91210 _aEducation _xHistory _zIndia |
|
| 942 |
_2ddc _cBK |
||